000 00732nam a2200289Ia 4500
005 20260324144100.0
008 008 260324s9999 xx 000 0 eng d
020 _a9780203056844
037 _aEBOOK
040 _aCRL
040 _beng
040 _cCRL
041 _2eng
041 _aeng
084 _qCRL
100 _aDonald M. Topping; Victor N. Kobayashi; Doris C. Crowell
_91218007
245 0 _aThinking Across Cultures
245 4 _bThe Third International Conference on Thinking
260 _bTaylor and Francis
260 _c1989
365 _a
365 _b205
856 _uhttp://www.taylorfrancis.com/books/9780203056844
942 _cEBOOK
999 _c1824188
_d1824188